000 00756nam a22001937a 4500
999 _c17669
_d17669
003 AR-CdUCM
008 190509b ||||| |||| 00| 0 spa d
040 _aMUNICIPALIDAD PROVINCIAL DEL CUSCO
_cBIBLIOTECA MUNICIPAL DEL CUSCO
082 _a944.03 /
_bEN64
100 _aEnseñat, Juan B.
_934483
245 _aMaría Antonieta :
_b(su vida íntima) /
260 _aMéxico, D.F. :
_bNacional,
_c1968.
300 _a415 páginas ;
_bIlustraciones,
_c18 cm.
505 _aContenido: El matrimonio de María Antonieta -- La delfina -- Principios de reinado -- La sociedad francesa en la época de María Antonieta -- Intimidades...
650 _aBiografías históricas
_96252
650 _aFrancia
_91444
942 _2ddc
_cLIBROS
945 _aacv
_d2019-05-09